[Event "ROM-ch U08"]
[Site "Calimanesti"]
[Date "2018.04.02"]
[Round "8"]
[White "Visan, Davian Stefan"]
[Black "Soare, Iustin"]
[Result "1-0"]
[WhiteElo "1004"]
[BlackElo "1001"]
[PlyCount "43"]
[EventDate "2018.03.27"]
[EventType "swiss"]
[EventRounds "9"]
[EventCountry "ROU"]
[SourceTitle "CBM 183 Extra"]
[Source "ChessBase"]
[SourceDate "2018.04.19"]
[SourceVersion "1"]
[SourceVersionDate "2018.04.19"]
[SourceQuality "1"]

1. d4 d5 2. c4 dxc4 3. Qa4+ c6 4. Qxc4 Be6 5. Qb4 Na6 6. Qxb7 Qxd4 7. Qxa8+ Nb8 8. Qxb8+ Kd7 9. Qxa7+ Kd6 10. Qxd4+ Kc7 11. Bf4+ Kb7 12. Nc3 Bd7 13. Qxd7+ Kb6 14. Be3+ c5 15. a4 Nf6 16. Qd3 e6 17. Qb5+ Kc7 18. Nf3 Be7 19. Ne5 Rg8 20. Qc6+ Kd8 21. Rd1+ Nd7 22. Qxd7# 1-0

[Event "ROM-ch U08"]
[Site "Calimanesti"]
[Date "2018.03.29"]
[Round "3"]
[White "Soare, Iustin"]
[Black "Duca, Razvan Gabriel"]
[Result "1-0"]
[WhiteElo "1001"]
[BlackElo "1001"]
[PlyCount "23"]
[EventDate "2018.03.27"]
[EventType "swiss"]
[EventRounds "9"]
[EventCountry "ROU"]
[SourceTitle "CBM 183 Extra"]
[Source "ChessBase"]
[SourceDate "2018.04.19"]
[SourceVersion "1"]
[SourceVersionDate "2018.04.19"]
[SourceQuality "1"]

1. e4 e5 2. Nf3 Nf6 3. Nc3 Nc6 4. Bc4 Bb4 5. 0-0 0-0 6. h3 d6 7. d3 Bxc3 8. Nh4 Bg4 9. hxg4 Nxg4 10. Qxg4 Rc8 11. Nf5 Re8 12. Qxg7# 1-0